| 000 | 01022cam a22002774a 4500 | ||
|---|---|---|---|
| 001 | 12825269 | ||
| 003 | OSt | ||
| 005 | 20150805085412.0 | ||
| 008 | 020620s2003 caua 000 0 eng | ||
| 010 | _a 2002108818 | ||
| 020 | _a053439180X | ||
| 035 | _a(DLC) 2002108818 | ||
| 040 | _aSEKU | ||
| 042 | _apcc | ||
| 050 | 0 | 0 |
_aQA 453 _b.T8 2003 |
| 100 | 1 |
_aTussy, Alan S., _d1951- |
|
| 245 | 1 | 0 |
_aBasic geometry for college students _cAlan S. Tussy, R. David Gustafson. |
| 260 |
_aPacific Grove, CA : _bThomson-Brooks/Cole, _cc2003. |
||
| 300 |
_av, 132, 10 p. : _bill. (some col.) ; _c28 cm. |
||
| 650 | 0 | _aGeometry. | |
| 700 | 1 |
_aGustafson, R. David _q(Roy David), _d1936- |
|
| 856 | 4 | 2 |
_3Publisher description _uhttp://www.loc.gov/catdir/enhancements/fy1215/2002108818-d.html |
| 856 | 4 | 1 |
_3Table of contents only _uhttp://www.loc.gov/catdir/enhancements/fy1215/2002108818-t.html |
| 856 | 4 | 2 |
_3Contributor biographical information _uhttp://www.loc.gov/catdir/enhancements/fy1303/2002108818-b.html |
| 942 |
_2lcc _cGEN |
||
| 999 |
_c8332 _d8332 |
||